Welcome to the Holygrace Academy Library

Please use search bar below to get started

BOURNVITA BOOK OF KNOWLEDGE VOL 1-11 (Record no. 6263)

MARC details
000 -LEADER
fixed length control field 00390nam a22001457a 4500
020 ## - INTERNATIONAL STANDARD BOOK NUMBER
ISBN 0-14-333521-9
082 ## - DEWEY DECIMAL CLASSIFICATION NUMBER
Classification number 001
Item number OBR/B
100 ## - MAIN ENTRY--AUTHOR NAME
Personal name DEREK O'BRIEN
245 ## - TITLE STATEMENT
Title BOURNVITA BOOK OF KNOWLEDGE VOL 1-11
260 ## - PUBLICATION, DISTRIBUTION, ETC. (IMPRINT)
Place of publication DELHI
Name of publisher PUFFIN BOOKS INDIA
Year of publication 2005
300 ## - PHYSICAL DESCRIPTION
Number of Pages 113
520 ## - SUMMARY, ETC.
Summary, etc GENERAL KNOWLEDGE, SPORTS, HISTORY, ENTERTAINMENT, WILDLIFE QUIZ
650 ## - SUBJECT ADDED ENTRY--TOPICAL TERM
Topical Term QUIZ
Geographic subdivision INDIA
942 ## - ADDED ENTRY ELEMENTS (KOHA)
Koha item type Books
Holdings
Withdrawn status Lost status Collection code Home library Current library Shelving location Date acquired Source of acquisition Cost, normal purchase price Full call number Accession Number Koha item type
    G.K Main Library Main Library SHELF-17B-- G.K RELATED QUIZ BOOK 18/10/2006 purchase 150.00 001 OBR/B 03504 Books
    G.K Main Library Main Library SHELF-17B-- G.K RELATED QUIZ BOOK 18/10/2006 purchase 150.00 001 OBR/B 03507 Books
    G.K Main Library Main Library SHELF-17B-- G.K RELATED QUIZ BOOK 18/10/2006 purchase 150.00 001 OBR/B 03506 Books
    G.K Main Library Main Library SHELF-17B-- G.K RELATED QUIZ BOOK 18/10/2006 purchase 150.00 001 OBR/B 03505 Books
    G.K Main Library Main Library SHELF-17B-- G.K RELATED QUIZ BOOK 18/10/2006 purchase 150.00 001 OBR/B 03503 Books
    G.K Main Library Main Library SHELF-17B-- G.K RELATED QUIZ BOOK 18/10/2006 purchase 150.00 001 OBR/B 03502 Books
    G.K Main Library Main Library SHELF-17B-- G.K RELATED QUIZ BOOK 18/10/2006 purchase 150.00 001 OBR/B 03501 Books
    G.K Main Library Main Library SHELF-17B-- G.K RELATED QUIZ BOOK 18/10/2006 purchase 150.00 001 OBR/B 03508 Books
    G.K Main Library Main Library SHELF-17B-- G.K RELATED QUIZ BOOK 18/10/2006 purchase 150.00 001 OBR/B 03509 Books